| 000 | 00535nam a2200181Ia 4500 | ||
|---|---|---|---|
| 003 | GCL | ||
| 008 | 140319s9999 xx 000 0 ara d | ||
| 040 |
_aGCL / _cGCL |
||
| 082 | 0 | 4 |
_a659.1 _bه ا |
| 100 | 1 | _aهناء عبدالحليم سعيد | |
| 245 | 1 | 0 |
_aالاعلان / _cهناء عبدالحليم سعيد |
| 260 |
_a[S.N] : _bالشركة العربية للنشر والتوزيع ، _c1992 |
||
| 300 | _a316 ص | ||
| 490 | _a | ||
| 650 | 0 | 4 | _aالاعلان |
| 650 | 0 | 4 | _aوسائل الاعلان |
| 942 |
_2ddc _cBK |
||
| 999 |
_c46335 _d46335 |
||